Štúdio tanca
Saved in:
| Main Author: | |
|---|---|
| Other Authors: | |
| Format: | Manuscript Book |
| Language: | Slovak |
| Published: |
Bratislava
2016
|
| Subjects: | |
| Online Access: | http://is.stuba.sk/zp/portal_zp.pl?podrobnosti=102870 |
| Tags: |
No Tags, Be the first to tag this record!
|
MARC
| LEADER | 00000ntm a22000003a 4500 | ||
|---|---|---|---|
| 001 | stuzp57851 | ||
| 003 | SK-STU | ||
| 005 | 20210216091316.1 | ||
| 007 | ta | ||
| 008 | 150427s2015----xo-----f-mn---000-0-slo-d | ||
| 040 | |a STU |b slo | ||
| 041 | 0 | |a slo | |
| 100 | 1 | |a Erdelská, Martina |u 058180 |4 aut |U FAD Fakulta architektúry |T FA Ústav architektúry občianskych budov |X 70278 |U A8180 |Y 399 |7 70278 | |
| 242 | 0 | 1 | |a Dance centre |y eng |
| 245 | 1 | 0 | |a Štúdio tanca |
| 260 | |c 2016 |a Bratislava | ||
| 650 | 4 | |a park |2 slo | |
| 650 | 4 | |a štúdio tanca |2 slo | |
| 650 | 4 | |a Chorvátske rameno |2 slo | |
| 650 | 4 | |a pochôdzna strecha |2 slo | |
| 650 | 4 | |a multifunkčnosť |2 slo | |
| 650 | 4 | |a dance studio |2 eng | |
| 650 | 4 | |a park |2 eng | |
| 650 | 4 | |a walk-on roof |2 eng | |
| 650 | 4 | |a multipurpose |2 eng | |
| 700 | 1 | |a Bátor, Jozef |u 058180 |k Z1 |4 ths |U FAD Fakulta architektúry |T FA Ústav architektúry občianskych budov |X 4810 |U A8180 |Y 399 |7 A000004810 | |
| 856 | 4 | |u http://is.stuba.sk/zp/portal_zp.pl?podrobnosti=102870 |u https://opac.crzp.sk/?fn=detailBiblioForm&sid=28C7416B5E23CF19947472CEF8E1 | |
| SQL | |a stuzp57851 |b DBP |c SLO |d Štúdio tanca |e 70278 |f Erdelská, Martina |g 058180 |h 4810 |i Bátor, Jozef |j 20160609 |k 149 |l 05 |m http://is.stuba.sk/zp/portal_zp.pl?podrobnosti=102870 |n B-AU |o 5.1.1. architektúra a urbanizmus | ||